| 000 | 01550cam a2200433 a 4500 | ||
|---|---|---|---|
| 001 | 2345 | ||
| 003 | FISKH | ||
| 005 | 20250404111458.0 | ||
| 008 | 080317s2009 njuab j b 001 0 eng | ||
| 010 | _a 2008011472 | ||
| 020 | _a9780766032491 (lib. bdg.) | ||
| 020 | _a0766032493 (lib. bdg.) | ||
| 020 | _a9780545550529 | ||
| 035 | _a(OCoLC)ocn213480057 | ||
| 040 |
_aDLC _cDLC _dIG# _dBTCTA _dBAKER _dXY4 _dEHH _dXY4 _dDLC _beng |
||
| 042 | _alcac | ||
| 050 | 0 | 0 |
_aQL767 _b.S749 2009 |
| 082 | 0 | 0 |
_a591.47/2 _222 |
| 100 | 1 | _aStewart, Melissa | |
| 245 | 1 | 0 |
_aWhy are animals red? / _cMelissa Stewart. |
| 250 | _aFirst Scholastic printing, February 2013 | ||
| 260 |
_aBerkeley Heights : _bScholastic, _c2009 |
||
| 300 |
_a32 pages : _billustrations _c19x22 cm |
||
| 490 | 1 | _aRainbow of animals | |
| 504 | _aIncludes bibliographical references (p. 30-31) and index. | ||
| 505 | 0 | _aK | |
| 520 | _aLearn the science behind how being red helps animals survive in the wild. | ||
| 521 | 8 |
_a540 _bLexile |
|
| 521 | 8 |
_aK _bRaz-Plus |
|
| 650 | 0 |
_aAnimals _xColor _vJuvenile literature. |
|
| 650 | 0 |
_aRed _vJuvenile literature. |
|
| 650 | 1 |
_aAnimals _xColor. |
|
| 650 | 1 | _aRed. | |
| 830 | 0 |
_aStewart, Melissa. _tRainbow of animals. |
|
| 856 | 4 | 1 |
_3Table of contents only _uhttp://www.loc.gov/catdir/toc/ecip0813/2008011472.html |
| 906 |
_a7 _bcbc _corignew _d1 _eecip _f20 _gy-gencatlg |
||
| 942 |
_2ddc _cBK _n0 |
||
| 999 |
_c2345 _d2345 |
||